000 00437nam a2200169Ia 4500
008 230917s9999||||xx |||||||||||||| ||und||
020 _cRs. 595.00
040 _e5012548
_aMAIN
041 _aEnglish
082 _a547.139 M896R
100 _aMukherji, S M
245 0 _aReaction mechanism in organic chemistry
260 _aBenguluru
_bTrinity Press
_c2017
300 _axiv, 705 p.
500 _a2799 27/07/2017 Main Budget
942 _cBK
999 _c7
_d7